Statistics for 上海18号线地铁站

Click here to take the quiz!

General Stats

  • This quiz has been taken 70 times
  • The average score is 19 of 26

Answer Stats

18号线地铁站% Correct
龙阳路
94%
长江南路
92%
航头
92%
复旦大学
90%
御桥
89%
上海财经大学
89%
国权路
81%
杨高中路
77%
江浦路
76%
周浦
76%
昌邑路
76%
下沙
74%
芳芯路
74%
江浦公园
73%
民生路
71%
康桥
71%
迎春路
69%
莲溪路
69%
殷高路
69%
丹阳路
68%
沈梅路
68%
平凉路
66%
北中路
65%
鹤涛路
61%
抚顺路
60%
繁荣路
56%

Score Distribution

Percentile by Number Answered

Percent of People with Each Score

Your Score History

You have not taken this quiz